| 000 | 00613nam a2200181 a 4500 | ||
|---|---|---|---|
| 005 | 20210223122521.0 | ||
| 008 | 991125s1970 mx 000 0 spa u | ||
| 035 | _aUPN01000037050 | ||
| 049 | _aLT | ||
| 050 | 4 |
_aLB1589 C4.4 _bM37 |
|
| 245 | 0 | 0 |
_aMatemática cuarto / _cLuis Alberto Cabrera ... [et al.] ; ed. Rubén Darío Méndez O. |
| 260 |
_aEl Salvador : _bODECA, _c1970. |
||
| 300 |
_avi, 297 p. : _bil. col. |
||
| 650 | 4 |
_aMATEMATICAS - _xESTUDIO Y ENSEÑANZA (ELEMENTAL) - _zAMERICA CENTRAL _925639 |
|
| 700 | 1 |
_aCabrera, Luis Alberto, _ecoaut. |
|
| 700 | 1 |
_aMéndez O., Rubén Dario, _eed. |
|
| 905 | _aLibro | ||
| 999 |
_c37050 _d37050 |
||